Manažérske plánovanie v agropotravinárskych podnikoch /

Uložené v:
Podrobná bibliografia
Hlavní autori: Grznár, Miroslav (Author), Szabo, Ľuboslav (Author)
Médium: Kniha
Jazyk:Slovak
Vydané: Bratislava : Rektorár Vysokej školy ekonomickej, 1991
Vydanie:1. vyd.
ISBN: 8022503150 (brož.)
Fyzický popis: 173 s.
Tagy: Pridať tag
Žiadne tagy, Buďte prvý kto otaguje tento záznam!

MARC

LEADER 00000nam a2200000 a 4500
001 000214913
005 20060704111911.0
008 060420s1991 xo e 000 0 sloo
020 |a 8022503150 (brož.) 
040 |a SVKKK  |b slo  |c SVKKK  |e AACR2 
041 0 |a slo 
044 |a xo  |c SK 
100 1 |a Grznár, Miroslav  |4 aut 
245 1 0 |a Manažérske plánovanie v agropotravinárskych podnikoch /  |c Miroslav Grznár, Ľuboslav Szabo 
250 |a 1. vyd. 
260 |a Bratislava :  |b Rektorár Vysokej školy ekonomickej,  |c 1991 
300 |a 173 s. 
700 1 |a Szabo, Ľuboslav  |4 aut 
910 |a svkkk 
919 |a 80-225-0315-0 
998 |a BK 
090 |g SCKHL  |k Sklad Pribinova 3. posch.  |a V.178138  |j 835376  |i 2720578082  |s Povinný výt.